00495 2200169 4500001002300000005001700023006001900040008004100059035002600100084001500126100001900141245005400160260004500214990002000259990002300279990002300302NBPULOT00000000000309120140415125322.0a ||| | 171130| ||| |  a 0010-041400000000280 a 370 ARI E0 a ZAENAL ARIFIN00a EVALUASI PEMBELAJARAN: PRINSIP, TEKNIK, PROSEDUR a BANDUNG b PT REMAJA ROSDAKARYA c 2009 a 9145/APBN/2009 a 19004/APBDII/2013 a 19005/APBDII/2013